000 01124nam a2200253Ia 4500
999 _c56550
_d56550
001 23664
003 GE_BSU
005 20260223172759.0
008 181216s1984||||ge |||||||||||||| ||geo||
040 _cGE_BSU
041 _ageo
080 _a617-089(075.8) ბ-89
100 _aბოჭორიშვილი, გ.
_911552
245 _aზოგადი ქირურგია :
_bსახელმძღვ. სამედ. ინ-ტის სტუდენტებისათვის /
_cგ. ბოჭორიშვილი ; რედ.: ე. ივანაშვილი.
250 _aმე-2 გადამუშ. და შევს. გამოცემა
264 _aთბილისი :
_bგანათლება,
_c1984.
300 _a791 გვ. :
_bილ. 4ფ. ;
_c26 სმ.
500 _aსაძიებელი : გვ. 766-781
541 _h22ლ. 44თ.
653 _aზოგადი ქირურგია
653 _aმედიცინა
700 _aივანაშვილი, ე.
_eრედაქტორი
_95394
942 _cBK
_2udc